00522nam a2200169 a 450000100060000000300090000600800410001502000150005604000280007108200180009910000400011724500760015726000560023330000100028965000270029965000260032610032CO-ViMGA141112s2004 ck r 000 u spa d a9682613027 aCO-ViMGAbspacCO-ViMGA04a658.4012 R42p1 aRichardson ; Bill, Richardson Roy, 10aPlaneación de Negocios : bUn enfoque de Administración estrategica aMexico : bCompañia Editorial Continental, c1992 a292p.14aPLANEACION EMPRESARIAL14aPLANEACION ESTRATEGIA